书目信息 |
| 题名: |
涅槃
|
|
| 作者: | 宁稼雨 编著 | |
| 分册: | ||
| 出版信息: | 桂林 广西师范大学出版社 2024.08 |
|
| 页数: | 365页 | |
| 开本: | 21cm | |
| 丛书名: | ||
| 单 册: | ||
| 中图分类: | I207.73 | |
| 科图分类: | ||
| 主题词: | 神话--文学研究 | |
| 电子资源: | ||
| ISBN: | 978-7-5598-7043-8 | |
| 000 | 01019nam0 2200229 450 | |
| 001 | 013158480 | |
| 005 | 20251022110613.21 | |
| 010 | @a978-7-5598-7043-8@dCNY89.00 | |
| 100 | @a20240929d2024 em y0chiy0120 ea | |
| 101 | 0 | @achi |
| 102 | @aCN@b450000 | |
| 105 | @aa z 000yy | |
| 106 | @ar | |
| 200 | 1 | @a涅槃@9nie pan@e中国神话的文学之路@f宁稼雨等编著 |
| 210 | @a桂林@c广西师范大学出版社@d2024.08 | |
| 215 | @a365页@c彩图@d21cm | |
| 330 | @a本书是一部中国神话文学发展史,从先秦到明清,从雅文学到俗文学,展现了27个神话原型在文学中经历的再生,由神话的文学之路,观察中国古代多元文化的演进与转型。书中用27个神话原型,勾勒了中国神话文学的整体面貌,梳理了每个神话的原始形态和在历代文学作品中的演变,以及神话原型在文学作品中逐渐大放异彩的过程,呈现了时代对神话的文学之路的深刻影响,揭示了中国神话和神话文学对于承续文化记忆和民族精神的重要意义。 | |
| 606 | 0 | @a神话@x文学研究 |
| 690 | @aI207.73@v5 | |
| 701 | 0 | @a宁稼雨@9ning jia yu@4编著 |
| 801 | 0 | @aCN@c20250909 |
| 905 | @a河南城建学院图书馆@dI207.73@eN649@ZN649@f1 | |
| 涅槃:中国神话的文学之路/宁稼雨等编著.-桂林:广西师范大学出版社,2024.08 |
| 365页:彩图;21cm |
| ISBN 978-7-5598-7043-8:CNY89.00 |
| 本书是一部中国神话文学发展史,从先秦到明清,从雅文学到俗文学,展现了27个神话原型在文学中经历的再生,由神话的文学之路,观察中国古代多元文化的演进与转型。书中用27个神话原型,勾勒了中国神话文学的整体面貌,梳理了每个神话的原始形态和在历代文学作品中的演变,以及神话原型在文学作品中逐渐大放异彩的过程,呈现了时代对神话的文学之路的深刻影响,揭示了中国神话和神话文学对于承续文化记忆和民族精神的重要意义。 |
| ● |
| 相关链接 |
|
|
|
正题名:涅槃
索取号:I207.73/N649
 
预约/预借
| 序号 | 登录号 | 条形码 | 馆藏地/架位号 | 状态 | 备注 |
| 1 | 1632367 | 216323672 | 文学库108/108文学库 11排2列1层/ [索取号:I207.73/N649] | 在馆 |